Регионална библиотека "Любен Каравелов" - Русе

Der Rosenkavalier [CD аудио] (Запис номер 216805)

MARC детайли
000 -Лидер
Контролно поле с фиксирана дължина 01697njm a2200409 c 4500
003 - Код на организацията, давaща контролен номер
Контролно поле BLK
005 - Дата и час на последна редакция
Контролно поле 20250321161729.0
008 - Елементи от данни с фиксирана дължина
fixed length control field 180410b bul||n||s|||||||| n|bulo|
010 ## - Наследен системен номер
LC control number CDD00000611000
040 ## - Източник на каталожния запис
Идентификатор на билиотеката - собственик на записа BLK
041 ## - Код за език
Код за езика на текст/звукозапис или на отделно заглавие Немски
Код за езика КДБФ Немски
080 ## - УДК
Текстов определител УДК Опера. Музикална драма. Романтична опера. Опера-приказка
УДК код - определител по УДК 782.1
УДК определител
УДК - код + определител 782.1
100 1# - Редна дума - Автор
Автор Щраус, Рихард
Дати, свързани с автора 1864 - 1949
R(LIN) 144682
139 ## - Редно поле
Редна дума Щраус, Рихард
Авторски знак Щр - Щ 54
245 10 - Сведения за заглавието
Заглавие Der Rosenkavalier [CD аудио]
Подзаглавни данни CD 1-3
Редно поле (дума) Рихард Щраус; * Richard Strauss; изп. Konzertvereinigung Wiener Staatsopernchor; изп. Wiener Philarmoniker; сопран Regine Crespin; бас Manfred Jungwirth; сопран Helen Donath; сопран Yvonne Minton; диригент Georg Solti.
Том CD 2
257 ## - Страна на издаване
Страна на създаване/издаване Германия
260 ## - Област на издателските данни
-- S. l.
Име на издателя, разпространителя и проч. DECCA
Година на издаване 2008
300 ## - Физическа характеристика
Размери/Мащаб 12 cm.
Тип мерна единица бр. в к-т
Количество на мерната единица 1 CD
380 ## - Жанр
Жанр Изкуство
650 #4 - Допълнително описание по предмет – тема
Основно описание – тема или топоним Опери
9 (RLIN) 165041
653 ## - Ключова дума – ненормативна
Ключова дума Опера
700 1# - Други автори (авторска отговорност)
Лично име Strauss, Richard
9 (RLIN) 25540
700 1# - Други автори (авторска отговорност)
Лично име Konzertvereinigung Wiener Staatsopernchor
Автороска отговорност (Описва отношението между автора и произведението) изп.
9 (RLIN) 15643
700 1# - Други автори (авторска отговорност)
Лично име Wiener Philarmoniker
Автороска отговорност (Описва отношението между автора и произведението) изп.
9 (RLIN) 387498
700 1# - Други автори (авторска отговорност)
Лично име Crespin, Regine
Автороска отговорност (Описва отношението между автора и произведението) сопран
9 (RLIN) 7747
700 1# - Други автори (авторска отговорност)
Лично име Jungwirth, Manfred
Автороска отговорност (Описва отношението между автора и произведението) бас
9 (RLIN) 14357
700 ## - Други автори (авторска отговорност)
Лично име Donath, Helen
Друга информация сопран
9 (RLIN) 353608
700 1# - Други автори (авторска отговорност)
Лично име Minton, Yvonne
Автороска отговорност (Описва отношението между автора и произведението) сопран
9 (RLIN) 18813
700 1# - Други автори (авторска отговорност)
Лично име Solti, Georg
Автороска отговорност (Описва отношението между автора и произведението) диригент
9 (RLIN) 24771
760 1# - Описание на основната серия
Редна дума на основното описание Щраус, Рихард
Страници - том 59мин. 28сек.
Заглавие CD 2
852 ## - Местоположение
Форматна сигнатура Цб CD 2076
Част 0
856 4# - Електронен адрес и достъп
Електронен формат pdf - файл
Път до файла /url/
856 4# - Електронен адрес и достъп
Електронен формат pdf - файл
Път до файла /url/
942 ## - АРТИКУЛИ
Вид на библиотечния материал Компактдискове
Скрит в OPAC Не
944 ## - СЪЗДАВАНЕ И РЕДАКЦИЯ на ЗАПИСА
Създаване/Редакция Създаване
Дата на регистрацията/редакция 07.01.2009
Служител, извършил регистрацията/редакцията 30560
Статус, дата на статуса Геновева Генчева
944 ## - СЪЗДАВАНЕ И РЕДАКЦИЯ на ЗАПИСА
Създаване/Редакция Редакция
Дата на регистрацията/редакция 07.01.2009
Служител, извършил регистрацията/редакцията
999 ## - СИСТЕМНИ КОНТРОЛНИ НОМЕРА
Koha biblionumber 216805
Koha biblioitemnumber 216805
Наличности
Код за отписване Код за изгубен артикул Източник на класификационната схема Код за повреда Коз за рестрикции Код за отдаване Артикулен № Име на библиотеката - собственик Име на библиотеката, в която се намира в момента Статус (Текущо местоположение) Дата на вписване в системата Местоположение - отдел Цена в лева Инвентарен номер Систематично азбучна сигнатура Баркод Номер на екземпляра Цена в евро Служебна бележка Служебен тип на артикула
  Не е изгубен Universal Decimal Classification Не е повреден без рестрикции заемане за дома 388179 Регионална библиотека "Любен Каравелов" Русе Регионална библиотека "Любен Каравелов" Русе Отдел Изкуство - подръчен фонд 2000-01-01 Отдел Изкуство - подръчен фонд 10.00 120000907145 782/S 88 120000907145 1 5.11 Дост: DA Вид: А N: стар фонд Дата: 01.01.2000 Съставил: Теодора_Стоянова Компактдискове
Vip Innovations Ltd, Rousse, Bulgaria 2025